|
|
|
|
| LEADER |
00000nam a22000007a 4500 |
| 005 |
20120327142250.0 |
| 007 |
cr|||| |||| |
| 008 |
120327s2009 sp |||||s|||| 00||0 spa d |
| 020 |
|
|
|a 78-84-96721-94-4
|
| 035 |
|
|
|a 5827
|
| 040 |
|
|
|a vLex
|
| 090 |
|
|
|c 3088
|d 3088
|
| 100 |
1 |
|
|a Desdentado Daroca, Elena
|
| 245 |
1 |
3 |
|a La pensin̤ de viudedad ante los nuevos retos del Derecho de Familia
|h [Recurso electrn̤ico] :
|b Un estudio crt̕ico para una prestacin̤ en crisis /
|c Elena Desdentado Daroca
|
| 256 |
|
|
|a Servicio en ln̕ea
|
| 260 |
|
|
|a Bogot ̀:
|b Ecoe ediciones,
|c 2009
|
| 300 |
|
|
|a 1 recurso electrn̤ico
|
| 506 |
1 |
|
|a Contenido solo disponible en los productos indicados
|d vLex Global
|d vLex Global (Academic Edition, excluding Law Schools)
|d vLex Global (U.S. Academic Edition, Law Schools)
|d vLex Global (U.S. Academic Edition, excluding Law Schools)
|d vLex Global (Academic Edition, Law Schools)
|
| 650 |
0 |
4 |
|a Pensiones de jubilacin̤
|
| 650 |
0 |
4 |
|a Derecho de familia
|
| 740 |
0 |
|
|a vLex Libros (Servicio en ln̕ea)
|
| 856 |
4 |
0 |
|u http://vlex.com/source/pension-viudedad-nuevos-retos-derecho-familia-estudio-critico-prestacion-crisis-5827
|z Acceso restringido
|
| 942 |
|
|
|c BOOK
|
| 999 |
0 |
|
|a Domestic relations
|
| 999 |
0 |
|
|a Old age pensions
|